Welcome to CU Library Online Public Access Catalogue (OPAC)

Bates' guide to physical examination and history taking. (Record no. 3326)

MARC details
000 -LEADER
fixed length control field 01053pam a2200265 a 4500
001 - CONTROL NUMBER
control field 1198178
005 - DATE AND TIME OF LATEST TRANSACTION
control field 20250131193415.0
008 - FIXED-LENGTH DATA ELEMENTS--GENERAL INFORMATION
fixed length control field 980526s1999 paua b 001 0 eng c
020 ## - INTERNATIONAL STANDARD BOOK NUMBER
International Standard Book Number 9780781716550
050 00 - LIBRARY OF CONGRESS CALL NUMBER
Classification number RC76
Item number .B37 1999
082 00 - DEWEY DECIMAL CLASSIFICATION NUMBER
Classification number 616.07/54
Edition information 21
100 1# - MAIN ENTRY--PERSONAL NAME
Personal name Bickley, Lynn S.
245 10 - TITLE STATEMENT
Title Bates' guide to physical examination and history taking.
Statement of responsibility, etc. Lynn S. Bickley, Robert A. Hoekelman.
250 ## - EDITION STATEMENT
Edition statement 7th ed. /
Remainder of edition statement Lynn S. Bickley, Robert A. Hoekelman.
260 ## - PUBLICATION, DISTRIBUTION, ETC.
Place of publication, distribution, etc. Philadelphia :
Name of publisher, distributor, etc. Lippincott,
Date of publication, distribution, etc. c1999.
300 ## - PHYSICAL DESCRIPTION
Extent xxii, 789 p. :
Other physical details ill. (some col.) ;
Dimensions 29 cm.
500 ## - GENERAL NOTE
General note Rev. ed. of: A guide to physical examination and history taking / Barbara Bates, Lynn S. Bickley, Robert A. Hoekelman. 6th ed. c1995.
650 #0 - SUBJECT ADDED ENTRY--TOPICAL TERM
Topical term or geographic name entry element Physical diagnosis.
650 #0 - SUBJECT ADDED ENTRY--TOPICAL TERM
Topical term or geographic name entry element Medical history taking.
650 12 - SUBJECT ADDED ENTRY--TOPICAL TERM
Topical term or geographic name entry element Physical Examination
General subdivision methods.
650 22 - SUBJECT ADDED ENTRY--TOPICAL TERM
Topical term or geographic name entry element Medical History Taking
General subdivision methods.
700 1# - ADDED ENTRY--PERSONAL NAME
Personal name Hoekelman, Robert A.
700 1# - ADDED ENTRY--PERSONAL NAME
Personal name Bates, Barbara,
Dates associated with a name 1928-
Title of a work Guide to physical examination and history taking.
942 ## - ADDED ENTRY ELEMENTS (KOHA)
Source of classification or shelving scheme Library of Congress Classification
Koha item type Books
Edition 7th ed.
Suppress in OPAC No
999 ## -
-- 3326
-- 3326
Holdings
Withdrawn status Lost status Source of classification or shelving scheme Damaged status Not for loan Collection Home library Current library Shelving location Date acquired Total checkouts Full call number Barcode Date last seen Copy number Price effective from Koha item type
    Library of Congress Classification     Non-fiction Science Library (Miotso) Science Library (Miotso) General stacks 01/31/2025   RC76 .B37 BIC SLM00002719 01/31/2025 1 01/31/2025 Books
    Library of Congress Classification     Non-fiction Science Library (Miotso) Science Library (Miotso) General stacks 01/31/2025   RC76 .B37 BIC SLM00002720 01/31/2025 2 01/31/2025 Books
© 2023-2024 Copyright: Central University Libraries. All Rights Reserved | Created by: Mahone Tech Office